000 00971nam a2200265 i 4500
003 DO-SdBNP
005 20240312202752.0
007 ta
008 230918b dr c|||| |||| 00| 0 spa d
020 _a9789945183559
040 _aDO-SdBNP
_bspa
_cBNPHU
_erda
082 4 _222
100 1 _aLajara Solá, Homero Luis
_eautor
_984169
245 1 0 _aMonina Solá :
_bleyenda del teatro dominicano /
_cHomero Luis Lajara Solá ; prólogo, Karina Noble ; cuidado de edición, Cándido Gerón
264 _aSanto Domingo :
_bCorripio,
_c2023.
500 _aIncluye referencias bibliográficas y notas al pie de las páginas
500 _aIncluye índice onomástico
504 _aBibliografía : p. 229-233
590 _aLa biblioteca posee 2 ejemplares autográfiado por el autor
590 _aInventariado, 2023/BT
700 1 _aNoble, Karina,
_eprólogo
_983962
700 1 _aGerón, Cándido
_ecuidado de edición
_982130
910 _aBtavárez
942 _2ddc
_cLBS1
999 _c54809
_d54809